Dizajn v kontexte robotiky v medicíne
Enregistré dans:
| Auteur principal: | |
|---|---|
| Autres auteurs: | |
| Format: | Manuscrit Livre |
| Langue: | slovaque |
| Publié: |
Bratislava
2023
|
| Sujets: | |
| Accès en ligne: | http://is.stuba.sk/zp/portal_zp.pl?podrobnosti=156048 |
| Tags: |
Pas de tags, Soyez le premier à ajouter un tag!
|
MARC
| LEADER | 00000ntm a22000003a 4500 | ||
|---|---|---|---|
| 001 | stuzp94109 | ||
| 003 | SK-STU | ||
| 005 | 20231004125239.8 | ||
| 007 | ta | ||
| 008 | 150427s2015----xo-----f-mn---000-0-slo-d | ||
| 040 | |a STU |b slo | ||
| 041 | 0 | |a slo | |
| 100 | 1 | |a Alföldiová, Daniela |u 059190 |4 aut |U FAD Fakulta architektúry a dizajnu |T FAD Ústav dizajnu |X 103788 |U A9190 |Y 400 |7 103788 | |
| 242 | 0 | 1 | |a Design in the Context of Robotics in Medicine |y eng |
| 245 | 1 | 0 | |a Dizajn v kontexte robotiky v medicíne |
| 260 | |c 2023 |a Bratislava | ||
| 650 | 4 | |a robotika |2 slo | |
| 650 | 4 | |a medicína |2 slo | |
| 650 | 4 | |a medicínske prostredie |2 slo | |
| 650 | 4 | |a rehabilitácia |2 slo | |
| 650 | 4 | |a ultrazvuk |2 slo | |
| 650 | 4 | |a manipulačný vozík |2 slo | |
| 650 | 4 | |a rehabilitation |2 eng | |
| 650 | 4 | |a ultrasound procedure |2 eng | |
| 650 | 4 | |a robotics |2 eng | |
| 650 | 4 | |a medicine |2 eng | |
| 650 | 4 | |a medical enviroment |2 eng | |
| 650 | 4 | |a mobile cart |2 eng | |
| 700 | 1 | |a Baláž, Martin |u 059190 |k Z1 |4 ths |U FAD Fakulta architektúry a dizajnu |T FAD Ústav dizajnu |X 53323 |U A9190 |Y 400 |7 A000053323 | |
| 856 | 4 | |u http://is.stuba.sk/zp/portal_zp.pl?podrobnosti=156048 |u https://opac.crzp.sk/?fn=detailBiblioForm&sid=C03CB0FBA6588971DC3A22D1B6BF | |